Modern electronic communication (Record no. 3522)

MARC details
000 -LEADER
fixed length control field 00811 a2200241 4500
010 ## - LIBRARY OF CONGRESS CONTROL NUMBER
LC control number ENG-85837
020 ## - INTERNATIONAL STANDARD BOOK NUMBER
International Standard Book Number 8120330455
Terms of availability 595.00
035 ## - SYSTEM CONTROL NUMBER
System control number EN-69370
037 ## - SOURCE OF ACQUISITION
Source of stock number/acquisition D.B.Act / Pub
082 14 - DEWEY DECIMAL CLASSIFICATION NUMBER
Classification number 621.382
090 ## - LOCALLY ASSIGNED LC-TYPE CALL NUMBER (OCLC); LOCAL CALL NUMBER (OCLC)
-- 3593
-- 3593
100 1# - MAIN ENTRY--PERSONAL NAME
Personal name Beasley, Jeffrey S.
245 10 - TITLE STATEMENT
Title Modern electronic communication
Statement of responsibility, etc Jeffrey S. Beasley, Gary M. Miller.
250 ## - EDITION STATEMENT
Edition statement 8th ed.
260 ## - PUBLICATION, DISTRIBUTION, ETC. (IMPRINT)
Place of publication, distribution, etc New Delhi
Name of publisher, distributor, etc Prentice-Hall of India
Date of publication, distribution, etc 2006
300 ## - PHYSICAL DESCRIPTION
Extent xxxi, 923 p.
Other physical details ill. (some col.)
Dimensions 25 cm. (pbk)
Accompanying material 1 CD-ROM (4 3/4 in.)
500 ## - GENERAL NOTE
General note Miller's name appears first on earlier ed.
500 ## - GENERAL NOTE
General note Includes index.
650 #0 - SUBJECT ADDED ENTRY--TOPICAL TERM
Topical term or geographic name as entry element Telecommunication.
700 1# - ADDED ENTRY--PERSONAL NAME
Personal name Miller, Gary M.,
Dates associated with a name 1941-
942 ## - ADDED ENTRY ELEMENTS (KOHA)
Institution code [OBSOLETE] dpl
Koha item type English Books
Call number prefix 621.382 / BEA
Holdings
Withdrawn status Lost status Source of classification or shelving scheme Damaged status Not for loan Collection code Home library Current library Source of acquisition Cost, normal purchase price Total Checkouts Full call number Barcode Date last seen Copy number Uniform Resource Identifier Cost, replacement price Price effective from Koha item type
    Dewey Decimal Classification   Not For Loan Non-fiction D.B.Act.Division D.B.Act.Division DBAD/PUB 595.00   621.382 BEA EN-69370 15/09/2008 1 3752 595.00 15/09/2008 English Books

© Delhi Public Library
Hit Counter
free hit counter